Sports Quiz

Random Sports or Baseball Quiz

MLB Rookies of the Year (AL) Quiz Stats

 Plays Quiz Updated Nov 11, 2020

Support Sporcle.
Go Orange.
Score 0/72 Timer 10:00
6 Plays Today
Year Player % Correct
2017Aaron Judge
82.9%
2012Mike Trout
81%
2008Evan Longoria
75.9%
2007Dustin Pedroia
70.6%
1996Derek Jeter
67.5%
2001Ichiro Suzuki
67.5%
2015Carlos Correa
64.6%
2014Jose Abreu
63.8%
2018Shohei Ohtani
60.8%
2020Kyle Lewis
57.1%
2019Yordan Alvarez
56.3%
1982Cal Ripken Jr.
55.8%
1987Mark McGwire
55.8%
1986José Canseco
54%
2006Justin Verlander
51.9%
2016Michael Fulmer
43.6%
1997Nomar Garciaparra
43.2%
1999Carlos Beltrán
35%
2013Wil Myers
34.8%
1975Fred Lynn
34.8%
1993Tim Salmon
28.9%
2004Bobby Crosby
28.5%
1988Walt Weiss
28%
2011Jeremy Hellickson
26.9%
1990Sandy Alomar Jr.
26.3%
1977Eddie Murray
26.2%
1970Thurman Munson
26.1%
2003Angel Berroa
25.9%
2005Huston Street
25.1%
1967Rod Carew
25.1%
1991Chuck Knoblauch
24.9%
1972Carlton Fisk
24.5%
1984Alvin Davis
23.8%
1978Lou Whitaker
22.6%
2002Eric Hinske
21.4%
1976Mark Fidrych
20.5%
Year Player % Correct
2010Neftali Feliz
20.2%
1985Ozzie Guillén
19.5%
2009Andrew Bailey
19.3%
2000Kazuhiro Sasaki
19.2%
1992Pat Listach
19.1%
1983Ron Kittle
18.4%
1994Bob Hamelin
16.6%
1998Ben Grieve
16.5%
1964Tony Oliva
16.1%
1995Marty Cordova
15.4%
1969Lou Piniella
15.1%
1980Joe Charboneau
14.8%
1981Dave Righetti
13.5%
1989Gregg Olson
13.1%
1979John Castino & Alfredo Griffin
12.4%
1956Luis Aparicio
12.3%
1962Tom Tresh
10.3%
1971Chris Chambliss
9.5%
1957Tony Kubek
9.3%
1973Al Bumbry
9.2%
1974Mike Hargrove
8.3%
1959Bob Allison
7.6%
1955Herb Score
7.4%
1950Walt Dropo
7%
1968Stan Bahnsen
6.8%
1951Gil McDougald
6.5%
1949Roy Sievers
6.4%
1966Tommie Agee
6.1%
1963Gary Peters
6%
1953Harvey Kuenn
5.9%
1965Curt Blefary
5.5%
1960Ron Hansen
5.4%
1954Bob Grim
4.5%
1961Don Schwall
4.3%
1958Albie Pearson
4.2%
1952Harry Byrd
3.4%

You're not logged in!

Compare scores with friends on all Sporcle quizzes.
OR
Log In

From the Vault

100 Most Populous Islands

by 1447

Sadly, Fantasy Island is no longer inhabited.
Remove Ads.
Support Sporcle.
Get the best of Sporcle when you Go Orange. This ad-free experience offers more features, more stats, and more fun while also helping to support Sporcle. Thank you for becoming a member.

Show Comments

Extras

Top Quizzes Today


Score Distribution

Your Account Isn't Verified!

In order to create a playlist on Sporcle, you need to verify the email address you used during registration. Go to your Sporcle Settings to finish the process.

Report this User

Report this user for behavior that violates our Community Guidelines.

Details: